000 00427nam a2200145 4500
999 _c6877
_d6877
008 170512b xxu||||| |||| 00| 0 eng d
022 _a0119-9000
082 _aDPer 641.505 C77 Jan-June 2013 v.13-14
245 _aThe meaty flour.
260 _aPhilippines:
_bUBM Medica,
_c©Jan-June 2013.
300 _av14 n2, pages 52-53:
_billustrations;
_c29 cm.
500 _aCook.
650 0 _920808
_aCooking
942 _2ddc
_cPER